Quiz Rap FR - Statistiques

Statistiques générales
  • Ce quiz a été pris 184 fois
  • Le résultat moyen est 4 sur 10
Statistiques - réponses
Questions Réponses % Correct
Qui détient le record de ventes d'album ? Jul
94%
Comment s'appelle la série de freestyle de Koba La D ? Ténébreux
68%
De qui R.I.P.R.O est la série de mixtape ? Lacrim
56%
Comment s'appelle la cérémonie musicale organisée par Booska P ? Les Flammes
48%
Quel est le lien de parenté entre La Fouine et Canardo ? Frères
34%
Quel animal est aussi le surnom du rappeur Guizmo ? Renard
25%
Quel rappeur s'est fait connaître en gagnant 3 concours sur la page Instagram de "1minute2rap" ? Joysad
13%
Sous quel label est sorti l'album "Temps Mort" de Booba ? 45 Scientific
7%
Quel est le nom du morceau de Kerchak et Gambi remixant le morceau "Tahia" de PNL ? Ferrero
7%
Quel est le morceau le plus long de Rohff ? Fitna
4%
Aucun quiz correspondant
Distribution des résultats
% des personnes avec chaque résultat
Percentile par nombre de réponses
Votre historique - résultats
Vous n’avez pas pris ce quiz